Представление документа в формате RUSMARC

ПолеНазваниеЗначение
  Тип записи c
  Библиографический уровень m
001 Контрольный номер RU/УОНБ/EK_N/359566105
005 Дата корректировки 20251125170048.1
010 Индекс ISBN __
9 Тираж 2000экз.
013 Номер (ISMN) __
d Цена 65 к.
071 Издательские номер (звукозапись и ноты) 21
a Номер, присвоенный агентством 9295
100 Данные общей обработки __
a Данные общей обработки 20110522g1991 u y0rusy0189||||ca
101 Язык документа 0_
a Язык текста rus
f Язык титульного листа rus
102 Страна публикации __
a Страна публикации RU
105 Кодированные данные (монография) __
a Кодированные данные (монография) y###||||000|y
125 Кодированные данные звукозаписи и нотных изданий __
a Форма изложения нотного текста z|
128 Кодированные данные (звукозаписи-физические характеристики) __
a Кодированные данные: Музыкальная форма и тональность или лад zz
c Инструменты или голоса, рекомендуемые для солистов (устаревшее) tb||
200 Заглавие и сведения об ответственности 1_
a Заглавие Вып. 8
210 Выходные данные 1_
d Дата издания 1991
215 Физическое описание __
a Объем 40 c.
327 Примечание о содержании 11
a Примечание о содержании Содерж. : Караев К. Танец Айши : из балета "Семь красавиц". - Гаврилин В. Тарантелла : из балета "Анюта". - Налбандян Э. Раздумье : из "Армянской тетради". - Максименко В. Прелюдия № 2. - Панин П. Адажио. - Каржавин С. Башни Кордовы : Алегриас. - Ружицкий Л. Вальс : из оперетты "Казанова". - Лекуона Э. Малагенья. - Чайковский П. Ноябрь : На тройке.
461 Уровень набора _0
1 001RU/УОНБ/EK_N/359396784
1 200
a Гитара в концертном зале
b [Ноты]
e шестиструн. гитара
f сост. В. Максименко
v Вып. 8
1 210
d 1984 -
464 Аналитический уровень _0
1 2001
a Танец Айши
e из балета "Семь красавиц"
1 700 1
a Караев
b К.
1 50010
a Семь красавиц
464 Аналитический уровень _0
1 2001
a Тарантелла
e из балета "Анюта"
1 700 1
a Гаврилин
b В.
1 50010
a Анюта
464 Аналитический уровень _0
1 2001
a Раздумье
e из "Армянской тетради"
1 700 1
a Налбандян
b Э.
1 50010
a Армянской тетради
464 Аналитический уровень _0
1 2001
a Прелюдия № 2
1 700 1
a Максименко
b В.
464 Аналитический уровень _0
1 2001
a Адажио
1 700 1
a Панин
b П.
464 Аналитический уровень _0
1 2001
a Башни Кордовы
1 700 1
a Каржавин
b С.
464 Аналитический уровень _0
1 2001
a Вальс
e из оперетты "Казанова"
1 700 1
a Ружицкий
b Л.
1 50010
a Казанова
464 Аналитический уровень _0
1 2001
a Малагенья
1 700 1
a Лекуона
b Э.
464 Аналитический уровень _0
1 2001
a Ноябрь
1 700 1
a Чайковский
b П.
464 Аналитический уровень _0
1 2001
a Алегриас
1 700 1
a Каржавин
b С.
464 Аналитический уровень _0
1 2001
a На тройке
1 700 1
a Чайковский
b П.
512 Заглавие обложки 1_
a Заглавие обложки Гитара в концертном зале
606 Тематические рубрики 0_
a Основная рубрика Гитара шестиструнная
x Основная подрубрика Концертные произведения
610 Ключевые слова 0_
a Ключевые слова гитара шестиструнная
610 Ключевые слова 0_
a Ключевые слова отрывки из балетов советских
610 Ключевые слова 0_
a Ключевые слова танцы
610 Ключевые слова 0_
a Ключевые слова концертный репертуар
686 Индексы других классификаций __
a Классификационный индекс 85.956.41я43
2 Код системы rubbk
801 Источник записи _0
a Страна RU
b Организация Ульяновская ОНБ
c Дата составления 20110522
g Правила каталогизации RCR
801 Источник записи _1
a Страна RU
b Организация IS
c Дата составления 20110522
g Правила каталогизации RCR
901 Тип документа __
t Тип документа n
w Контрольный № источника RU/УОНБ/EK_N/359396784
909 Создатель записи __
a Создатель записи Никитина Т. А.
938 Служебная информация __
a Имя БД noti
b Имя библиотеки УОНБ
c Имя АИБС МАРК-SQL
d Номер DOC_ID в БД 8858